Freedom Struggle (Record no. 5087)

MARC details
000 -LEADER
fixed length control field 00718cam a2200253ua 4500
001 - CONTROL NUMBER
control field 5938
005 - DATE AND TIME OF LATEST TRANSACTION
control field 20260515113946.0
008 - FIXED-LENGTH DATA ELEMENTS--GENERAL INFORMATION
fixed length control field 131109n ii |||gr||||Z||||||eng
020 ## - INTERNATIONAL STANDARD BOOK NUMBER
International Standard Book Number 81-237-249-X
040 ## - CATALOGING SOURCE
Transcribing agency MAIN
082 ## - DEWEY DECIMAL CLASSIFICATION NUMBER
Classification number 954.035
100 ## - MAIN ENTRY--PERSONAL NAME
Personal name Chandra,Bipan,
Relator term Author.
100 ## - MAIN ENTRY--PERSONAL NAME
Personal name Chandra,Bipan,
Relator term Author.
245 ## - TITLE STATEMENT
Title Freedom Struggle
Statement of responsibility, etc. by Bipan Chandra
250 ## - EDITION STATEMENT
Edition statement 2nd.
260 ## - PUBLICATION, DISTRIBUTION, ETC.
Place of publication, distribution, etc. Delhi:
Name of publisher, distributor, etc. National Book Trust,
Date of publication, distribution, etc. 1994.
300 ## - PHYSICAL DESCRIPTION
Extent vii,185p.
653 ## - INDEX TERM--UNCONTROLLED
Uncontrolled term History
653 ## - INDEX TERM--UNCONTROLLED
Uncontrolled term Freedom Struggle of India
700 ## - ADDED ENTRY--PERSONAL NAME
Personal name De Barun,
Relator term Author.,
-- Author.,
-- Author.,
-- Author.
700 ## - ADDED ENTRY--PERSONAL NAME
Personal name Tripathi,Amales,
Relator term Author.,
-- Author.,
-- Author.,
-- Author.
700 ## - ADDED ENTRY--PERSONAL NAME
Personal name Tripathi,Amales,
Relator term Author.
942 ## - ADDED ENTRY ELEMENTS (KOHA)
Koha item type Books
Holdings
Withdrawn status Lost status Damaged status Not for loan Home library Current library Shelving location Date acquired Total checkouts Full call number Barcode Date last seen Copy number Price effective from Koha item type
        Naharkatiya College Library Naharkatiya College Library General stacks 09/19/2020   954.035 | CHA 316 09/19/2020 3 09/19/2020 Books
        Naharkatiya College Library Naharkatiya College Library General stacks 09/19/2020   954.035 | CHA 318 09/19/2020 4 09/19/2020 Books
        Naharkatiya College Library Naharkatiya College Library General stacks 09/19/2020   954.035 | CHA 319 09/19/2020 1 09/19/2020 Books
        Naharkatiya College Library Naharkatiya College Library General stacks 09/19/2020   954.035 | CHA 320 09/19/2020 2 09/19/2020 Books